U.S. States By Countries With Similar GDPs - Statistics

General Stats
  • This quiz has been taken 42 times
  • The average score is 38 of 51
Answer Stats
State GDP State Answer Country GDP % Correct
466.3 billion Ohio Belgium 492.7 billion
95%
2.448 trillion California France 2.583 trillion
95%
531.1 billion Pennsylvania Sweden 538 billion
92%
465.5 billion New Jersey Thailand 455.2 billion
92%
295.3 billion Colorado Pakistan 305 billion
89%
345.2 billion Tennessee South Africa 349.4 billion
89%
246.4 billion Indiana Egypt 235.4 billion
86%
311.3 billion Washington Malaysia 314.5 billion
86%
1.103 trillion New York Mexico 1.15 trillion
86%
382 billion Michigan Norway 398.8 billion
86%
216.3 billion Connecticut Portugal 217.6 billion
86%
399.4 billion North Carolina Austria 416.6 billion
84%
255 billion Minnesota Finland 251.9 billion
84%
268.7 billion Maryland Chile 277.1 billion
81%
152.8 billion South Carolina Ukraine 112.2 billion
81%
229.5 billion Missouri Vietnam 223.9 billion
81%
609.6 billion Illinois Argentina 637.6 billion
78%
1.639 trillion Texas Canada 1.653 trillion
78%
232.3 billion Wisconsin Czech Republic 215.7 billion
78%
967.3 billion Florida Indonesia 1.016 trillion
78%
351.5 billion Massachusetts Israel 350.9 billion
78%
383 billion Virginia Nigeria 375.8 billion
78%
46.9 billion Rhode Island Serbia 41.43 billion
78%
48.11 billion Maine Slovenia 48.77 billion
78%
396.5 billion Georgia U.A.E 382.6 billion
78%
158.2 billion Oregon Algeria 170.4 billion
76%
247 billion Arizona Bangladesh 249.7 billion
76%
80.09 billion Nebraska Kenya 79.5 billion
76%
216.1 billion Louisiana Peru 211.4 billion
76%
95.37 billion Arkansas Slovakia 95.77 billion
76%
154.2 billion Kentucky Kazakhstan 159.4 billion
73%
105.7 billion Utah Ecuador 103.1 billion
70%
88.55 billion Mississippi Ethiopia 80.56 billion
70%
127.2 billion Nevada Hungary 139.1 billion
68%
117.3 billion Kansas Kuwait 120.1 billion
68%
139.3 billion Oklahoma Morocco 109.1 billion
68%
60.12 billion Delaware Panama 61.84 billion
68%
31.51 billion Wyoming Paraguay 29.73 billion
68%
165.8 billion Alabama Qatar 166.3 billion
68%
57.34 billion New Hampshire Bulgaria 56.83 billion
65%
33.93 billion South Dakota Latvia 30.26 billion
65%
129 billion Iowa Angola 124.2 billion
62%
57.71 billion West Virginia Costa Rica 57.06 billion
62%
76.18 billion New Mexico Guatemala 75.62 billion
62%
61.53 billion Hawaii Luxembourg 62.4 billion
57%
24.54 billion Vermont Nepal 24.47 billion
54%
93.82 billion D.C. Sri Lanka 87.17 billion
54%
27.72 billion North Dakota El Salvador 28 billion
51%
44.52 billion Alaska Ghana 47.33 billion
46%
51.15 billion Idaho Lebanon 51.84 billion
46%
34.25 billion Montana Cameroon 34.8 billion
43%
No matching quizzes found
Score Distribution
Percent of People with Each Score
Percentile by Number Answered
Your Score History
You have not taken this quiz